| 000 | 00568nam a2200193 a 4500 | ||
|---|---|---|---|
| 005 | 20140310183521.0 | ||
| 008 | 111003s19uu xx 00 eng d | ||
| 020 | _a9780071751933 | ||
| 050 |
_aHF 5548.83 _b.D84 2011 |
||
| 100 | _aDufour, Gonzague | ||
| 245 |
_aManaging your manager : _bhow to get ahead with any type of boss / _cGonzague Dufour. |
||
| 260 |
_aNew York : _bMcGraw Hill, _c2011. |
||
| 300 |
_a222 p. : _c25 cm. |
||
| 521 | _aBSBA | ||
| 650 | _aManaging your boss | ||
| 650 | _aInterpersonal relations | ||
| 942 |
_cBK _2lcc _kFOR |
||
| 999 |
_c24399 _d24399 |
||